[Event "CAN-ch"]
[Site "Richmond CAN"]
[Date "2002.03.23"]
[Round "3.14"]
[White "Divljan, Igor"]
[Black "Salcedo, Daniel"]
[Result "1-0"]
[WhiteElo "2242"]
[BlackElo "2158"]
[PlyCount "53"]
[EventDate "2002.03.21"]
[EventType "swiss"]
[EventRounds "11"]
[EventCountry "CAN"]

1. d4 Nf6 2. c4 c5 3. d5 e6 4. Nc3 exd5 5. cxd5 d6 6. e4 g6 7. f4 Bg7 8. Bb5+
Nfd7 9. Be2 O-O 10. Nf3 Re8 11. O-O a6 12. a4 Nf6 13. Nd2 Nbd7 14. Bf3 Rb8 15.
Nc4 Nb6 16. Na3 Nbd7 17. Re1 Qc7 18. Be3 b6 19. Bf2 Nf8 20. Bg3 N6d7 21. Qd3
Bb7 22. Rab1 Rbc8 23. Nc4 Bd4+ 24. Kh1 Rcd8 25. Re2 Ra8 26. e5 dxe5 27. fxe5
1-0

[Event "CAN-ch"]
[Site "Richmond CAN"]
[Date "2002.03.23"]
[Round "3.15"]
[White "Wu, Howard"]
[Black "Bogle, Bill"]
[Result "1/2-1/2"]
[WhiteElo "2230"]
[BlackElo "2164"]
[PlyCount "51"]
[EventDate "2002.03.21"]
[EventType "swiss"]
[EventRounds "11"]
[EventCountry "CAN"]

1. d4 Nf6 2. c4 e6 3. Nf3 d5 4. g3 dxc4 5. Qa4+ Bd7 6. Qxc4 Bc6 7. Bg2 Nbd7 8.
O-O Nb6 9. Qc2 Be4 10. Qd1 c5 11. dxc5 Bxc5 12. Nc3 Bc6 13. Qb3 O-O 14. Bg5 h6
15. Bxf6 Qxf6 16. e4 Rfd8 17. Rfd1 Nd7 18. Qc4 Rac8 19. Qe2 Ne5 20. Nxe5 Qxe5
21. Kh1 a6 22. Rxd8+ Rxd8 23. f4 Qc7 24. Rc1 Qa5 25. a3 Bd4 26. h3 1/2-1/2

[Event "CAN-ch"]
[Site "Richmond CAN"]
[Date "2002.03.23"]
[Round "3.16"]
[White "Mayo, Alvah"]
[Black "Kret, Ted"]
[Result "0-1"]
[WhiteElo "2154"]
[BlackElo "2190"]
[PlyCount "124"]
[EventDate "2002.03.21"]
[EventType "swiss"]
[EventRounds "11"]
[EventCountry "CAN"]

1. e4 e6 2. d3 d5 3. Nd2 c5 4. g3 Nc6 5. Bg2 Nf6 6. f4 Be7 7. e5 Nd7 8. Ngf3 b5
9. O-O O-O 10. Re1 a5 11. Nf1 b4 12. g4 Qc7 13. Be3 Ba6 14. Bf2 Rfc8 15. Rc1 a4
16. Bg3 b3 17. axb3 axb3 18. c3 Qb6 19. f5 Bxd3 20. Qxd3 c4+ 21. Bf2 Qxf2+ 22.
Kxf2 cxd3 23. N1d2 Nc5 24. Ke3 Nxe5 25. fxe6 fxe6 26. g5 Ra4 27. Kf2 Nxf3 28.
Nxf3 Rf8 29. Rcd1 Bxg5 30. Kg1 Bf6 31. Kh1 Rfa8 32. Nd2 Rf4 33. Rxe6 Nxe6 34.
Bxd5 Re8 35. Re1 Kf7 36. Nc4 Rxc4 37. Bxc4 d2 38. Rd1 Bg5 39. Bxb3 Rb8 40. Rf1+
Bf6 41. Bd1 Rxb2 42. Kg2 Rb5 43. c4 Re5 44. Rf2 Re4 45. Rxd2 Rxc4 46. Bb3 Rb4
47. Rd7+ Be7 48. Rd3 Kf6 49. Re3 Nf4+ 50. Kf3 Bd6 51. Bg8 h5 52. Re1 g5 53. Ra1
g4+ 54. Ke3 Bc5+ 55. Kd2 Bd4 56. Rf1 Kg5 57. Bh7 h4 58. Be4 Rb2+ 59. Bc2 g3 60.
hxg3 hxg3 61. Rd1 g2 62. Kc1 Rb4 0-1

[Event "CAN-ch"]
[Site "Richmond CAN"]
[Date "2002.03.23"]
[Round "3.17"]
[White "Sladek, Vaclav"]
[Black "Stanford, Mike"]
[Result "1/2-1/2"]
[WhiteElo "2085"]
[BlackElo "2173"]
[PlyCount "55"]
[EventDate "2002.03.21"]
[EventType "swiss"]
[EventRounds "11"]
[EventCountry "CAN"]

1. d4 Nf6 2. Bg5 Ne4 3. h4 d5 4. Nd2 Bf5 5. e3 h6 6. Bf4 e6 7. Bd3 Nxd2 8. Qxd2
Bxd3 9. Qxd3 c6 10. Nf3 Nd7 11. Ne5 Be7 12. Nxd7 Qxd7 13. c3 Bf6 14. g4 Qe7 15.
Bg3 e5 16. dxe5 Bxe5 17. Bxe5 Qxe5 18. Qd4 Qxd4 19. exd4 Kd7 20. f3 h5 21. Kf2
hxg4 22. fxg4 Rae8 23. Rae1 Rxe1 24. Kxe1 Ke6 25. Kf2 f6 26. Re1+ Kf7 27. Kg3
b6 28. Re2 1/2-1/2

[Event "CAN-ch"]
[Site "Richmond CAN"]
[Date "2002.03.23"]
[Round "3.18"]
[White "Yousefzadeh, Mehrdad"]
[Black "Leblanc, Paul"]
[Result "0-1"]
[WhiteElo "2024"]
[BlackElo "2085"]
[PlyCount "78"]
[EventDate "2002.03.21"]
[EventType "swiss"]
[EventRounds "11"]
[EventCountry "CAN"]

1. d4 d5 2. c4 c6 3. Nf3 Nf6 4. Nc3 a6 5. cxd5 cxd5 6. Bf4 Bf5 7. Qb3 Ra7 8. e3
e6 9. Qa4+ Nc6 10. Ne5 Qb6 11. Nxc6 bxc6 12. Be2 Be7 13. O-O O-O 14. b3 Rc8 15.
Rac1 c5 16. dxc5 Bxc5 17. b4 Qxb4 18. Qxb4 Bxb4 19. Nxd5 exd5 20. Rxc8+ Bxc8
21. Rb1 Bf8 22. Rb8 Be6 23. Bd6 Nd7 24. Rd8 g6 25. Ba3 a5 26. g4 Rb7 27. Ra8 d4
28. e4 Rb8 29. Rxa5 Bxa3 30. Rxa3 Ne5 31. h3 Rd8 32. f4 d3 33. Bd1 Nc4 34. Ra7
Nb2 35. f5 Bc4 36. Bf3 d2 37. fxg6 d1=Q+ 38. Bxd1 Rxd1+ 39. Kh2 hxg6 0-1

[Event "CAN-ch"]
[Site "Richmond CAN"]
[Date "2002.03.24"]
[Round "4.5"]
[White "Reeve, Jeff"]
[Black "Gardner, Robert"]
[Result "1-0"]
[WhiteElo "2348"]
[BlackElo "2268"]
[PlyCount "133"]
[EventDate "2002.03.21"]
[EventType "swiss"]
[EventRounds "11"]
[EventCountry "CAN"]

1. e4 c5 2. Nf3 d6 3. d4 cxd4 4. Nxd4 Nf6 5. Nc3 a6 6. Bc4 e6 7. Bb3 b5 8. O-O
Be7 9. Qf3 Qc7 10. Qg3 Nc6 11. Nxc6 Qxc6 12. Re1 Bb7 13. a3 Rd8 14. f3 O-O 15.
Bh6 Ne8 16. Rad1 Kh8 17. Bg5 Bxg5 18. Qxg5 Nf6 19. Rd3 Qc5+ 20. Qe3 Qxe3+ 21.
Rexe3 Rd7 22. Re1 Rfd8 23. Red1 Kg8 24. Ne2 d5 25. e5 Ne8 26. Nd4 Rc7 27. f4
Rc5 28. g4 Nc7 29. c3 Na8 30. f5 Bc8 31. Rf3 Nb6 32. Re1 Nc4 33. Re2 Re8 34. f6
a5 35. h4 Ba6 36. g5 Rb8 37. Bxc4 Rxc4 38. b4 Rbc8 39. Ree3 Bb7 40. Kf2 Bc6 41.
h5 Bd7 42. Ke2 Ra8 43. Rd3 axb4 44. cxb4 Rac8 45. Kd2 Rc1 46. Rc3 R1xc3 47.
Rxc3 Rxc3 48. Kxc3 h6 49. Nf3 hxg5 50. Nxg5 gxf6 51. exf6 e5 52. Nf3 d4+ 53.
Kd2 Kh7 54. Nxe5 Be8 55. Kd3 Kh6 56. Kxd4 Kxh5 57. Kc5 Kg5 58. Nc6 Kxf6 59.
Kxb5 Ke6 60. Kc5 Kd7 61. b5 Kc7 62. a4 Bd7 63. b6+ Kb7 64. a5 Bh3 65. Nd8+ Ka6
66. b7 Ka7 67. a6 1-0

[Event "CAN-ch"]
[Site "Richmond CAN"]
[Date "2002.03.24"]
[Round "4.6"]
[White "Herder, David"]
[Black "Neven, Knut"]
[Result "1-0"]
[WhiteElo "2273"]
[BlackElo "2309"]
[PlyCount "77"]
[EventDate "2002.03.21"]
[EventType "swiss"]
[EventRounds "11"]
[EventCountry "CAN"]

1. d4 Nf6 2. Nf3 g6 3. Nc3 d5 4. Bf4 Bg7 5. e3 O-O 6. Be2 c5 7. O-O cxd4 8.
exd4 Nc6 9. Ne5 Ne4 10. Nxc6 bxc6 11. Nxe4 dxe4 12. c3 Qb6 13. b4 a5 14. a3 Be6
15. Qd2 Rfd8 16. Qe3 f5 17. h4 Bf7 18. Qg3 Rd7 19. h5 axb4 20. axb4 Rxa1 21.
Rxa1 Ra7 22. Rxa7 Qxa7 23. hxg6 hxg6 24. Qe3 Qa1+ 25. Kh2 Qa2 26. g4 Bc4 27.
Qd2 Qa6 28. Bd1 Kf7 29. gxf5 gxf5 30. Bh5+ Ke6 31. Bg3 Bf6 32. Qh6 Be2 33. Be8
Qd3 34. Qg6 f4 35. Bxf4 Qf3 36. Bf7+ Kd7 37. Qf5+ Kd8 38. Qa5+ Kd7 39. Qc7# 1-0

[Event "CAN-ch"]
[Site "Richmond CAN"]
[Date "2002.03.24"]
[Round "4.7"]
[White "Hladek, David"]
[Black "McLaren, Brian"]
[Result "0-1"]
[WhiteElo "2063"]
[BlackElo "2290"]
[PlyCount "76"]
[EventDate "2002.03.21"]
[EventType "swiss"]
[EventRounds "11"]
[EventCountry "CAN"]

1. Nf3 d6 2. g3 e5 3. d3 Nc6 4. Bg2 Be7 5. O-O Be6 6. c4 Qd7 7. Nc3 Bh3 8. Nd5
Bxg2 9. Kxg2 h5 10. h4 Nh6 11. Bxh6 Rxh6 12. e3 f6 13. b4 Nd8 14. e4 Ne6 15.
Rh1 O-O-O 16. b5 Rf8 17. a4 f5 18. a5 fxe4 19. dxe4 Nc5 20. b6 cxb6 21. axb6 a6
22. Ng5 Rhh8 23. f3 Bxg5 24. hxg5 Ne6 25. Ne3 g6 26. Qd5 Kb8 27. c5 Nxc5 28.
Rhd1 Rd8 29. Rac1 Qb5 30. Nc4 h4 31. gxh4 Rxh4 32. Rd2 Qe8 33. Nxd6 Qh8 34. Kf2
Nxe4+ 35. Ke3 Nxd6 36. Rc7 Rd4 37. Rxd4 exd4+ 38. Kd3 Qe8 0-1

[Event "CAN-ch"]
[Site "Richmond CAN"]
[Date "2002.03.24"]
[Round "4.9"]
[White "Haessel, Dale"]
[Black "Berry, Jonathan"]
[Result "1-0"]
[WhiteElo "2263"]
[BlackElo "2379"]
[PlyCount "85"]
[EventDate "2002.03.21"]
[EventType "swiss"]
[EventRounds "11"]
[EventCountry "CAN"]

1. c4 e5 2. g3 Nc6 3. Bg2 d6 4. Nc3 Be6 5. d3 Qd7 6. e4 g6 7. Nd5 Bg7 8. Ne2
Nd8 9. d4 c6 10. Ne3 Bh3 11. Bxh3 Qxh3 12. d5 Nf6 13. Qd3 O-O 14. f3 Rc8 15.
Bd2 Nh5 16. Qa3 Qd7 17. g4 Nf4 18. Nxf4 exf4 19. Ng2 cxd5 20. cxd5 Rc2 21. Nxf4
Bh6 22. Qd3 Rxb2 23. Bc3 Rb6 24. Qd4 f6 25. Ne2 Nf7 26. h3 Ne5 27. Kf2 Qb5 28.
f4 Qd3 29. Qxd3 Nxd3+ 30. Ke3 Nc5 31. Bd4 Ra6 32. Rhc1 Ra3+ 33. Rc3 Rxc3+ 34.
Nxc3 b6 35. Nb5 Rd8 36. Bxf6 Rd7 37. g5 Bg7 38. Kd4 Bxf6+ 39. gxf6 Kf7 40. e5
dxe5+ 41. fxe5 Ne6+ 42. Kc4 Nc7 43. Rd1 1-0

[Event "CAN-ch"]
[Site "Richmond CAN"]
[Date "2002.03.24"]
[Round "4.10"]
[White "Divljan, Igor"]
[Black "Ristovic, Nenad"]
[Result "1-0"]
[WhiteElo "2242"]
[BlackElo "2346"]
[PlyCount "79"]
[EventDate "2002.03.21"]
[EventType "swiss"]
[EventRounds "11"]
[EventCountry "CAN"]

1. d4 d5 2. c4 e6 3. Nc3 c6 4. Nf3 Nf6 5. Bg5 dxc4 6. e4 b5 7. a4 Bb4 8. e5 h6
9. exf6 hxg5 10. fxg7 Rg8 11. g3 Rxg7 12. Bg2 Bb7 13. O-O Bxc3 14. bxc3 a6 15.
Ne5 f6 16. Ng4 Nd7 17. Qe2 Re7 18. Nh6 Nb6 19. axb5 Nd5 20. bxc6 Bxc6 21. Ng8
Kf7 22. Nxe7 Qxe7 23. Rfe1 Qd6 24. Qxc4 Bb5 25. Qb3 Rc8 26. Bxd5 exd5 27. Re3
Bc4 28. Qc2 Kg7 29. Rae1 Rc7 30. Qf5 Rf7 31. Re8 Bb5 32. R8e6 Qa3 33. Qxd5 Qxc3
34. Re7 Rxe7 35. Rxe7+ Kh6 36. h4 Qc1+ 37. Kh2 gxh4 38. Qf3 hxg3+ 39. Qxg3 Qg5
40. Qh3+ 1-0

[Event "CAN-ch"]
[Site "Richmond CAN"]
[Date "2002.03.24"]
[Round "4.11"]
[White "Lawson, Eric"]
[Black "Milicevic, Dragoljub"]
[Result "1/2-1/2"]
[WhiteElo "2200"]
[BlackElo "2323"]
[PlyCount "131"]
[EventDate "2002.03.21"]
[EventType "swiss"]
[EventRounds "11"]
[EventCountry "CAN"]

1. d4 f5 2. Nc3 d5 3. e4 dxe4 4. Bf4 Nf6 5. f3 a6 6. Bc4 Nc6 7. d5 Na5 8. Bf1
b6 9. fxe4 fxe4 10. Bg5 Bg4 11. Qd4 c5 12. Qe5 Qd6 13. Qxd6 exd6 14. Bxf6 gxf6
15. Nxe4 Kf7 16. Kf2 Bf5 17. Re1 b5 18. Nf3 Be7 19. Nh4 Bg6 20. g4 Rae8 21. Nf5
Bxf5 22. gxf5 Bf8 23. Bg2 Re5 24. Ng3 Nc4 25. b3 Rxe1 26. Rxe1 Ne5 27. Bf3 Bh6
28. Ne4 Ke7 29. Be2 Rg8 30. h4 Bf4 31. a4 bxa4 32. bxa4 Rb8 33. Rg1 Bh6 34.
Bxa6 Rb4 35. Bd3 c4 36. Be2 Rxa4 37. Rb1 Ra2 38. Rb7+ Nd7 39. Bxc4 Rxc2+ 40.
Be2 Bf8 41. Kf3 Kd8 42. Bb5 Ne5+ 43. Kg3 Be7 44. Ba6 Ke8 45. Rb8+ Kf7 46. Bc8
Rc7 47. Be6+ Kg7 48. Rb6 Nc4 49. Rc6 Bd8 50. Nc3 Ne5 51. Rxc7+ Bxc7 52. Nb5 Bb8
53. Bc8 Kf7 54. Bb7 Ke7 55. Bc6 Kd8 56. h5 Bc7 57. Kh3 Nc4 58. Nd4 Bb6 59. Ne6+
Ke7 60. Kg4 Be3 61. Bb5 Ne5+ 62. Kh4 h6 63. Be2 Bg5+ 64. Kg3 Nd7 65. Nc7 Nc5
66. Nb5 1/2-1/2

[Event "CAN-ch"]
[Site "Richmond CAN"]
[Date "2002.03.24"]
[Round "4.12"]
[White "Patterson, Roger"]
[Black "Huber, Greg"]
[Result "1/2-1/2"]
[WhiteElo "2214"]
[BlackElo "2303"]
[PlyCount "33"]
[EventDate "2002.03.21"]
[EventType "swiss"]
[EventRounds "11"]
[EventCountry "CAN"]

1. e4 c5 2. Nf3 e6 3. d4 cxd4 4. Nxd4 a6 5. Nc3 b5 6. Bd3 Qb6 7. Nb3 Qc7 8. O-O
Bb7 9. f4 d6 10. e5 Nd7 11. exd6 Bxd6 12. Be4 Bxe4 13. Nxe4 Be7 14. Qf3 Rc8 15.
Be3 Ngf6 16. c3 O-O 17. Bd4 1/2-1/2

[Event "CAN-ch"]
[Site "Richmond CAN"]
[Date "2002.03.24"]
[Round "4.14"]
[White "Kret, Ted"]
[Black "Wu, Howard"]
[Result "1-0"]
[WhiteElo "2190"]
[BlackElo "2230"]
[PlyCount "57"]
[EventDate "2002.03.21"]
[EventType "swiss"]
[EventRounds "11"]
[EventCountry "CAN"]

1. d4 c5 2. d5 e5 3. e4 d6 4. Nc3 g6 5. g4 Bg7 6. h4 Nf6 7. Be2 h5 8. g5 Nh7 9.
Be3 O-O 10. Nf3 a6 11. a4 f6 12. gxf6 Nxf6 13. Ng5 Ng4 14. Qd2 Nxe3 15. fxe3
Bf6 16. Rg1 Qe8 17. O-O-O Bxg5 18. Rxg5 Kh7 19. Rdg1 Bh3 20. Qe1 Rf6 21. Qg3
Bg4 22. Bxg4 hxg4 23. Qxg4 Nd7 24. h5 Nf8 25. Rh1 Kg7 26. Qh4 b5 27. hxg6 Rxg6
28. Qh8+ Kf7 29. Rh7+ 1-0

[Event "CAN-ch"]
[Site "Richmond CAN"]
[Date "2002.03.24"]
[Round "4.15"]
[White "Poitras, Luc"]
[Black "Bogle, Bill"]
[Result "1-0"]
[WhiteElo "2221"]
[BlackElo "2164"]
[PlyCount "147"]
[EventDate "2002.03.21"]
[EventType "swiss"]
[EventRounds "11"]
[EventCountry "CAN"]

1. e4 c5 2. Nf3 d6 3. d4 cxd4 4. Nxd4 Nf6 5. Nc3 e6 6. Bc4 Be7 7. O-O O-O 8.
Bb3 Na6 9. f4 Nc5 10. e5 dxe5 11. fxe5 Nfd7 12. Bf4 Qb6 13. Kh1 Nxb3 14. Nxb3
f6 15. Qe2 fxe5 16. Bxe5 Nxe5 17. Rxf8+ Bxf8 18. Qxe5 Bd7 19. Ne4 Qb5 20. Qg3
Be7 21. Re1 Rf8 22. Qd3 b6 23. Qxb5 Bxb5 24. Nd4 Bc4 25. Nf3 Bd5 26. Kg1 Rf4
27. Ned2 Bc5+ 28. Kh1 b5 29. h3 h6 30. Re2 g5 31. Ne5 Rf2 32. Rxf2 Bxf2 33. Ng4
Bd4 34. c3 Bg7 35. a3 h5 36. Ne3 Bc6 37. Kg1 Kf7 38. Kf2 Ke7 39. Nf3 Bf6 40.
Nd4 Kd6 41. Nxc6 Kxc6 42. Kf3 Be5 43. Ke4 Bf4 44. Nc2 Kd6 45. Nb4 a5 46. Nd3
Bd2 47. Kd4 g4 48. hxg4 hxg4 49. c4 bxc4 50. Ne5 Be3+ 51. Ke4 c3 52. bxc3 Bc1
53. a4 g3 54. Nc4+ Kc5 55. Nxa5 Bb2 56. Kd3 e5 57. Nb3+ Kb6 58. Nd2 Bc1 59.
Nc4+ Ka6 60. Nxe5 Ka5 61. Kc2 Bf4 62. Nd3 Bc7 63. Kb3 Kb6 64. Kc4 Ka5 65. Kb3
Kb6 66. c4 Ka5 67. c5 Ka6 68. Kb4 Bb8 69. Nb2 Be5 70. Nc4 Bf4 71. c6 Bc7 72.
Kc5 Bb8 73. Kd5 Bc7 74. Ke6 1-0

[Event "CAN-ch"]
[Site "Richmond CAN"]
[Date "2002.03.24"]
[Round "4.16"]
[White "Leblanc, Paul"]
[Black "Stanford, Mike"]
[Result "0-1"]
[WhiteElo "2085"]
[BlackElo "2173"]
[PlyCount "62"]
[EventDate "2002.03.21"]
[EventType "swiss"]
[EventRounds "11"]
[EventCountry "CAN"]

1. d4 d5 2. Nf3 Nf6 3. c3 c6 4. e3 Bg4 5. Nbd2 Nbd7 6. Bd3 e5 7. dxe5 Nxe5 8.
Be2 Ng6 9. O-O Bd6 10. Qc2 Qe7 11. h3 Bd7 12. Bd3 Ne5 13. Be2 Nxf3+ 14. Nxf3 g5
15. Nd4 Ne4 16. f3 Ng3 17. Re1 h5 18. Bd3 O-O-O 19. Nf5 Nxf5 20. Bxf5 Qe5 21.
Bxd7+ Rxd7 22. f4 gxf4 23. Qf2 fxe3 24. Rxe3 Qh2+ 25. Kf1 Bc5 26. Qf6 Qh1+ 27.
Ke2 Qxg2+ 28. Kd1 Rhd8 29. Re2 Qxh3 30. Bd2 d4 31. Rc1 d3 0-1

[Event "CAN-ch"]
[Site "Richmond CAN"]
[Date "2002.03.24"]
[Round "4.17"]
[White "Salcedo, Daniel"]
[Black "Mayo, Alvah"]
[Result "0-1"]
[WhiteElo "2158"]
[BlackElo "2154"]
[PlyCount "138"]
[EventDate "2002.03.21"]
[EventType "swiss"]
[EventRounds "11"]
[EventCountry "CAN"]

1. d4 g6 2. c4 Bg7 3. e4 c5 4. d5 d6 5. Nf3 Nf6 6. Bd3 O-O 7. Nc3 Na6 8. O-O
Bd7 9. Bg5 Nc7 10. Qd2 a6 11. Bh6 b5 12. Bxg7 Kxg7 13. b3 e5 14. dxe6 Nxe6 15.
Rad1 b4 16. Ne2 Bc6 17. Ng3 Ne8 18. Ne1 h5 19. f4 h4 20. Ne2 f5 21. exf5 gxf5
22. Nf3 Qf6 23. Qe3 N8c7 24. Ng5 Rae8 25. Nxe6+ Rxe6 26. Qf2 Rg8 27. g4 fxg4
28. f5 Re5 29. Nf4 Qg5 30. Ng6 g3 31. hxg3 hxg3 32. Qf4 Qxf4 33. Rxf4 Re3 34.
Bf1 Ne8 35. Nh4 Kf6 36. Bg2 Bxg2 37. Nxg2 Re2 38. Re1 Rxe1+ 39. Nxe1 Rg5 40.
Kg2 Ng7 41. Nf3 Rxf5 42. Rh4 Nh5 43. Re4 Ng7 44. Rg4 Nh5 45. Rg8 Nf4+ 46. Kxg3
Ne2+ 47. Kg2 Nc1 48. Ra8 Ke7 49. Rxa6 Rf6 50. Ra7+ Kd8 51. Kf2 Re6 52. Ng5 Re2+
53. Kf3 Rd2 54. Ke3 Rd3+ 55. Ke4 Kc8 56. Nf7 Rd2 57. Kf5 Nxa2 58. Ke6 Kb8 59.
Rd7 Nc1 60. Rd8+ Kc7 61. Rd7+ Kb6 62. Nxd6 Kc6 63. Rd8 Re2+ 64. Kf5 Kc7 65. Nf7
Rf2+ 66. Ke4 Rxf7 67. Ra8 Kb7 68. Ra1 Nxb3 69. Ra2 Rd7 0-1

[Event "CAN-ch"]
[Site "Richmond CAN"]
[Date "2002.03.24"]
[Round "4.18"]
[White "Yousefzadeh, Mehrdad"]
[Black "Sladek, Vaclav"]
[Result "1/2-1/2"]
[WhiteElo "2024"]
[BlackElo "2085"]
[PlyCount "124"]
[EventDate "2002.03.21"]
[EventType "swiss"]
[EventRounds "11"]
[EventCountry "CAN"]

1. d4 d5 2. c4 c6 3. Nf3 Nf6 4. Nc3 a6 5. Bg5 b5 6. cxd5 cxd5 7. Rc1 e6 8. e3
Be7 9. Bd3 Bb7 10. O-O Nbd7 11. Bb1 Rc8 12. Qd3 Ne4 13. Bxe7 Qxe7 14. Nxe4 Rxc1
15. Nd6+ Qxd6 16. Rxc1 g6 17. Qc3 O-O 18. g3 Rc8 19. Qd2 Rxc1+ 20. Qxc1 Qc6 21.
Qxc6 Bxc6 22. Kf1 Kf8 23. Ke2 Ke7 24. Kd2 Nb6 25. b3 a5 26. Ne5 Be8 27. Nd3 Kd6
28. f4 f6 29. Nc5 Bc6 30. Nd3 Nd7 31. b4 a4 32. Kc3 Nb6 33. Nc5 Nc4 34. Kd3
Nb2+ 35. Ke2 Nc4 36. h4 f5 37. Bd3 Nb6 38. Kf2 h5 39. Bc2 Nc4 40. Ke2 Nb6 41.
Nd3 Nc4 42. Ne1 Kc7 43. Nf3 Be8 44. Kf2 Nd6 45. Ng5 Kd7 46. Bd3 Ke7 47. Ke1 Nc4
48. Ke2 Nb2 49. Bc2 Nc4 50. Nf3 Bd7 51. Nh2 Na3 52. Bd3 Nc4 53. Nf1 Kd6 54. Ke1
Ke7 55. Be2 Kd6 56. Kd1 Ke7 57. Kc2 Nd6 58. Nd2 Ne4 59. Nxe4 dxe4 60. Kc3 Kd6
61. a3 Bc6 62. Bf1 Bd7 1/2-1/2

[Event "CAN-ch"]
[Site "Richmond CAN"]
[Date "2002.03.24"]
[Round "5.4"]
[White "McLaren, Brian"]
[Black "Yoos, John"]
[Result "1/2-1/2"]
[WhiteElo "2290"]
[BlackElo "2425"]
[PlyCount "107"]
[EventDate "2002.03.21"]
[EventType "swiss"]
[EventRounds "11"]
[EventCountry "CAN"]

1. e4 c5 2. Nc3 Nc6 3. g3 g6 4. Bg2 Bg7 5. d3 d6 6. Be3 Nf6 7. h3 e5 8. Qd2 Be6
9. f4 exf4 10. gxf4 Nh5 11. Nge2 O-O 12. O-O f5 13. Rae1 Qd7 14. e5 dxe5 15.
Bxc5 Rfe8 16. fxe5 Nxe5 17. Nf4 Nxf4 18. Qxf4 Bf7 19. d4 Nc4 20. b3 Nb6 21. a4
Rad8 22. Rxe8+ Rxe8 23. Bxb6 axb6 24. Nb5 Bd5 25. c4 Bxg2 26. Kxg2 Qd8 27. Nd6
Re2+ 28. Rf2 Rxf2+ 29. Kxf2 g5 30. Nxb7 Qc8 31. Qf3 Bxd4+ 32. Kg2 Qd7 33. Qd5+
Qxd5+ 34. cxd5 Kf7 35. a5 bxa5 36. Nxa5 Bc5 37. Nc6 h5 38. b4 Bb6 39. b5 g4 40.
hxg4 fxg4 41. d6 Ke6 42. d7 Kxd7 43. Ne5+ Ke6 44. Nc4 Bc7 45. b6 Bb8 46. Nd2 h4
47. Ne4 Kf5 48. Nf2 g3 49. Nh3 Ke4 50. Ng5+ Ke3 51. Nh3 Ke4 52. Ng5+ Kf4 53.
Nh3+ Ke4 54. Ng5+ 1/2-1/2

[Event "CAN-ch"]
[Site "Richmond CAN"]
[Date "2002.03.24"]
[Round "5.6"]
[White "Haessel, Dale"]
[Black "Divljan, Igor"]
[Result "1-0"]
[WhiteElo "2263"]
[BlackElo "2242"]
[PlyCount "105"]
[EventDate "2002.03.21"]
[EventType "swiss"]
[EventRounds "11"]
[EventCountry "CAN"]

1. c4 Nf6 2. g3 e6 3. Bg2 d5 4. Nf3 Be7 5. O-O O-O 6. d4 Nbd7 7. Qb3 c5 8. Rd1
Nb6 9. cxd5 exd5 10. Nc3 c4 11. Qc2 Bb4 12. Ne5 Be6 13. a4 h6 14. a5 Nc8 15. a6
Qb6 16. Nxc4 dxc4 17. axb7 Rb8 18. bxc8=Q Rfxc8 19. Bf4 Bd6 20. Bxd6 Qxd6 21.
Rxa7 Qb6 22. Ra2 Rd8 23. e3 Bg4 24. Rda1 Bh5 25. Na4 Qb4 26. Nc5 Bg6 27. Qc1
Rb6 28. Bf1 Ne4 29. Nxe4 Bxe4 30. Qxc4 Bd5 31. Qxb4 Rxb4 32. Ra7 Rxb2 33. Bg2
Bxg2 34. Kxg2 Rdb8 35. Ra8 Rxa8 36. Rxa8+ Kh7 37. Ra1 Rd2 38. Kf1 Kg6 39. Ke1
Rb2 40. Rd1 Kf5 41. Rd2 Rb1+ 42. Ke2 Ke6 43. e4 g5 44. f4 gxf4 45. gxf4 f5 46.
d5+ Ke7 47. e5 Rb7 48. Ke3 Rb3+ 49. Rd3 Rb2 50. Ra3 Rxh2 51. Ra7+ Kd8 52. e6
Rh3+ 53. Kd4 1-0

[Event "CAN-ch"]
[Site "Richmond CAN"]
[Date "2002.03.24"]
[Round "5.7"]
[White "Cummings, David"]
[Black "Poitras, Luc"]
[Result "1-0"]
[WhiteElo "2490"]
[BlackElo "2221"]
[PlyCount "95"]
[EventDate "2002.03.21"]
[EventType "swiss"]
[EventRounds "11"]
[EventCountry "CAN"]

1. c4 e5 2. g3 Nf6 3. Bg2 Nc6 4. Nc3 Bb4 5. Nd5 Bc5 6. e3 O-O 7. Ne2 Re8 8. O-O
d6 9. a3 a5 10. b3 Bg4 11. Bb2 Nxd5 12. cxd5 Ne7 13. h3 Bh5 14. g4 Bg6 15. d4
Bb6 16. dxe5 dxe5 17. Bxe5 Nxd5 18. Bxd5 Rxe5 19. Bxb7 Qxd1 20. Rfxd1 Rb8 21.
Bd5 Kf8 22. Rac1 Rd8 23. Nf4 Ke7 24. Kf1 f6 25. Bc4 Rxd1+ 26. Rxd1 Be4 27. Ke2
c6 28. a4 Bc5 29. Nh5 g6 30. Ng3 Bg2 31. h4 Bh3 32. Kf3 f5 33. gxf5 Bxf5 34. e4
Bc8 35. Kg2 Ke8 36. f4 Re7 37. e5 Bg4 38. Rd3 Bf5 39. Nxf5 gxf5 40. Rg3 Rd7 41.
Rg8+ Bf8 42. Rg5 Be7 43. Rh5 Bd8 44. Kh3 Rd1 45. Rxh7 Rh1+ 46. Kg2 Rxh4 47.
Rxh4 Bxh4 48. Be6 1-0

[Event "CAN-ch"]
[Site "Richmond CAN"]
[Date "2002.03.24"]
[Round "5.8"]
[White "Milicevic, Dragoljub"]
[Black "Jiganchine, Roman"]
[Result "1/2-1/2"]
[WhiteElo "2323"]
[BlackElo "2219"]
[PlyCount "47"]
[EventDate "2002.03.21"]
[EventType "swiss"]
[EventRounds "11"]
[EventCountry "CAN"]

1. Nf3 Nf6 2. g3 b6 3. Bg2 Bb7 4. c4 c5 5. Nc3 e6 6. O-O Be7 7. Re1 O-O 8. e4
d6 9. d4 cxd4 10. Nxd4 Nfd7 11. Be3 a6 12. Rc1 Re8 13. f4 Nf8 14. Qd2 Nbd7 15.
b3 Rb8 16. Red1 Ba8 17. Qf2 Qc7 18. Bf3 h6 19. h4 Nh7 20. a4 Bf6 21. Ncb5 axb5
22. Nxb5 Qc6 23. Rxd6 Qb7 24. e5 1/2-1/2

[Event "CAN-ch"]
[Site "Richmond CAN"]
[Date "2002.03.24"]
[Round "5.9"]
[White "Neven, Knut"]
[Black "Lawson, Eric"]
[Result "1/2-1/2"]
[WhiteElo "2309"]
[BlackElo "2200"]
[PlyCount "69"]
[EventDate "2002.03.21"]
[EventType "swiss"]
[EventRounds "11"]
[EventCountry "CAN"]

1. d4 Nf6 2. c4 e6 3. Nc3 Bb4 4. f3 Nh5 5. Nh3 f5 6. Bg5 Be7 7. Bxe7 Qxe7 8. e3
b6 9. Qd2 Bb7 10. Bd3 O-O 11. O-O Nc6 12. Rae1 g6 13. f4 Nf6 14. Ng5 Rae8 15.
a3 a5 16. Nf3 Nd8 17. e4 fxe4 18. Nxe4 Nxe4 19. Bxe4 Bxe4 20. Rxe4 Nf7 21. Ne5
d5 22. cxd5 exd5 23. Ree1 Nxe5 24. Rxe5 Qd6 25. Rfe1 Rxe5 26. Rxe5 Rf5 27. b4
axb4 28. axb4 c5 29. bxc5 bxc5 30. Rxf5 gxf5 31. dxc5 Qxc5+ 32. Kf1 Kf7 33. Ke2
Qc4+ 34. Kf2 Qe4 35. Qc1 1/2-1/2

[Event "CAN-ch"]
[Site "Richmond CAN"]
[Date "2002.03.24"]
[Round "5.10"]
[White "Gardner, Robert"]
[Black "Kret, Ted"]
[Result "1-0"]
[WhiteElo "2268"]
[BlackElo "2190"]
[PlyCount "69"]
[EventDate "2002.03.21"]
[EventType "swiss"]
[EventRounds "11"]
[EventCountry "CAN"]

1. f4 c5 2. Nf3 Nc6 3. g3 g6 4. Bg2 Bg7 5. e4 d6 6. d3 b5 7. O-O Nh6 8. h3 O-O
9. g4 Kh8 10. f5 Ng8 11. Qe1 e6 12. c3 Rb8 13. Bg5 Qc7 14. Nh4 h6 15. Be3 g5
16. Nf3 Nf6 17. Qg3 c4 18. h4 cxd3 19. hxg5 hxg5 20. Nxg5 Kg8 21. Nh3 Ne8 22.
g5 Be5 23. Bf4 b4 24. Qxd3 bxc3 25. bxc3 Bxf4 26. Rxf4 Qb6+ 27. Nf2 exf5 28.
exf5 Ng7 29. Nd2 Ne5 30. Qh3 Nxf5 31. Rxf5 Kg7 32. Qh6+ Kg8 33. Nde4 Ng4 34.
Nf6+ Nxf6 35. gxf6 1-0

[Event "CAN-ch"]
[Site "Richmond CAN"]
[Date "2002.03.24"]
[Round "5.11"]
[White "Berry, Jonathan"]
[Black "Hladek, David"]
[Result "1-0"]
[WhiteElo "2379"]
[BlackElo "2063"]
[PlyCount "67"]
[EventDate "2002.03.21"]
[EventType "swiss"]
[EventRounds "11"]
[EventCountry "CAN"]

1. c4 c5 2. Nc3 Nc6 3. g3 e5 4. Bg2 g6 5. Nf3 Bg7 6. O-O Nge7 7. d3 d6 8. a3
O-O 9. Rb1 a5 10. Ne1 Be6 11. Nd5 Rb8 12. Nxe7+ Qxe7 13. Nc2 Qd7 14. b4 axb4
15. axb4 b6 16. b5 Ne7 17. e4 Ra8 18. Bb2 Ra2 19. Na3 f5 20. Qb3 Rxa3 21. Bxa3
f4 22. f3 h5 23. Bc1 g5 24. Ra1 g4 25. Ra6 Nc8 26. fxg4 hxg4 27. gxf4 exf4 28.
Rxf4 Bd4+ 29. Kh1 Qh7 30. Ra2 g3 31. Bf1 Rxf4 32. Bxf4 Bf2 33. Rxf2 gxf2 34.
Qb2 1-0